Teatro y luchas sociales (Record no. 28747)

MARC details
000 -LEADER
campo de control de longitud fija 00669nam a2200205 i 4500
001 - NÚMERO DE CONTROL
campo de control 28747
003 - IDENTIFICADOR DE NÚMERO DE CONTROL
campo de control ES-MaACL
005 - FECHA Y HORA DE LA ÚLTIMA TRANSACCIÓN
campo de control 20250910213325.0
007 - CAMPO FIJO DE DESCRIPCIÓN FÍSICA--INFORMACIÓN GENERAL
campo de control de longitud fija t|
008 - DATOS DE LONGITUD FIJA--INFORMACIÓN GENERAL
campo de control de longitud fija 030120s1971 sp ||||1| spa d
100 1# - ENTRADA PRINCIPAL--NOMBRE DE PERSONA
Nombre de persona Baratto, Mario.
9 (RLIN) 25351
245 10 - MENCIÓN DEL TÍTULO
Título Teatro y luchas sociales
Resto del título : (Ruzante, Aretino, Goldini) /
Mención de responsabilidad, etc. Mario Baratto ; prefacio de Jaume Fuster ; [traducción de Jaime Fuster y M.A. Oliver].
250 ## - MENCION DE EDICION
Mención de edición [1ª ed.].
260 ## - PUBLICACIÓN, DISTRIBUCIÓN, ETC.
Lugar de publicación, distribución, etc. Barcelona :
Nombre del editor, distribuidor, etc. Península,
Fecha de publicación, distribución, etc. [1971]
300 ## - DESCRIPCIÓN FÍSICA
Extensión 325 p. ;
Dimensiones 20 cm.
700 1# - ENTRADA AGREGADA--NOMBRE PERSONAL
Nombre de persona Fuster, Jaume,
Fechas asociadas al nombre 1945-1998
9 (RLIN) 53081
700 1# - ENTRADA AGREGADA--NOMBRE PERSONAL
Nombre de persona Oliver, M. A.
9 (RLIN) 86821
852 ## - LOCALIZACIÓN
Ubicación ES-MaACL
Número de control de estantería C-39205
Sublocalización o colección R.76998
Holdings
Estatus retirado Estado de pérdida Estado de daño No para préstamo Biblioteca de origen Biblioteca actual Ubicación en estantería Fecha de adquisición Fuente de adquisición Total de préstamos Signatura topográfica completa Código de barras Visto por última vez Precio de reemplazo Tipo de ítem Koha
        Biblioteca del Ateneo de Madrid Biblioteca del Ateneo de Madrid Depósito 2 17/01/2008     C-39205 1029680 23/02/2023 23/02/2023 Libro impreso